000 00488nam a2200181Ia 4500
005 20250326124225.0
008 250326s9999 xx 000 0 und d
037 _aTextbook
040 _aFMSL
_beng
_cFMSL
041 _aeng
_2eng
084 _aX:51 L9;2
_qFMSL
100 _aMcdaniel C
_9737022
245 0 _aMarketing: integrated approach
_cMcdaniel C
260 _aNY
_bNY, Harper & Row
_c1979
300 _a544p
942 _cTB
_hX:51 L9;2
999 _c1272819
_d1272819